| Tag |
First Indicator |
Second Indicator |
Subfields |
| LEADER |
00000cam a2200000Ii 4500 |
| 001 |
in00004091908 |
| 005 |
20200729072250.0 |
| 008 |
190810t20202020nyua b 001 0 eng d |
| 020 |
|
|
|a 0367189143
|q hardcover
|
| 020 |
|
|
|a 9780367189143
|q hardcover
|
| 035 |
|
|
|a (OCoLC)on1111773799
|
| 040 |
|
|
|a YDX
|e rda
|c YDX
|d CDX
|d SFB
|d EAU
|d EZC
|d UtOrBLW
|
| 049 |
|
|
|a TXAM
|
| 050 |
|
4 |
|a PS374.F27
|b P35 2020
|
| 082 |
0 |
|
|a 813.0876609
|2 23
|
| 100 |
1 |
|
|a Palmer-Patel, C.,
|e author.
|
| 245 |
1 |
4 |
|a The shape of fantasy :
|b investigating the structure of American heroic epic fantasy /
|c C. Palmer-Patel.
|
| 264 |
|
1 |
|a New York :
|b Routledge,
|c [2020]
|
| 264 |
|
4 |
|c ©2020
|
| 300 |
|
|
|a viii, 188 pages :
|b illustrations ;
|c 24 cm.
|
| 336 |
|
|
|a text
|b txt
|2 rdacontent
|
| 337 |
|
|
|a unmediated
|b n
|2 rdamedia
|
| 338 |
|
|
|a volume
|b nc
|2 rdacarrier
|
| 490 |
1 |
|
|a Routledge research in American literature and culture
|
| 504 |
|
|
|a Includes bibliographical references and index.
|
| 505 |
0 |
|
|a Introduction. Chapter 1: The Shape of a Hero's Soul. Chapter 2: Forks in the Road. Chapter 3: Building Layers of Character. Chapter 4: The Ou-Hero. Chapter 5: The Messianic Hero. Interlude: Intertwining the Magic and Landscape. Chapter 6: Breaking Into Fantasyland. Chapter 7: The Hero as a Portal. Chapter 8: Perfect Epic Empires. Chapter 9. Chaotic Cycles.
|
| 520 |
|
|
|a The Shape of Fantasy is an in-depth look at Heroic Epic Fantasy. It depicts structural and narrative patterns with models stemming from science and philosophy. Although Fantasy Fiction is generally defined by its impossibility, Fantasy Fiction not an illogical form. It is, in fact, governed by a sense of rules and structure, one that reflects our current understanding of space-time and cosmology. These models are an integral part of the structure of Heroic Epic Fantasy itself. Thus, this book introduces new ways of perceiving current productions of the Fantasy genre. In doing so, it also explores how Fantasy Fiction exhibits a conscious awareness of its own form.
|
| 650 |
|
0 |
|a American fiction
|x History and criticism.
|0 http://id.loc.gov/authorities/subjects/sh2007101041
|
| 650 |
|
0 |
|a Fantasy fiction
|x History and criticism.
|0 http://id.loc.gov/authorities/subjects/sh2008103558
|
| 650 |
|
0 |
|a Heroes in literature.
|0 http://id.loc.gov/authorities/subjects/sh85060436
|
| 830 |
|
0 |
|a Routledge research in American literature and culture.
|0 http://id.loc.gov/authorities/names/no2019043527
|
| 945 |
|
|
|b 414577
|
| 947 |
|
|
|a A14850784399
|
| 948 |
|
|
|a cataloged
|b h
|c 2020/6/22
|d c
|e dmitchel
|f 3:44:28 pm
|
| 994 |
|
|
|a 92
|b TXA
|
| 999 |
f |
f |
|s 762c7863-5b8d-3bf8-aaa1-a3e4370d14dc
|i 3d26fb59-a626-34f7-927c-18c49a254e23
|t 0
|
| 952 |
f |
f |
|p normal
|a Texas A&M University
|b College Station
|c Sterling C. Evans Library
|d Evans: Library Stacks
|t 0
|e PS374.F27 P35 2020
|h Library of Congress classification
|i unmediated -- volume
|m A14850784399
|
| 998 |
f |
f |
|a PS374.F27 P35 2020
|t 0
|l Evans: Library Stacks
|